ბათუმის შოთა რუსთაველის სახელმწიფო უნივერსიტეტის ბიბლიოთეკა

jml : (ბიბ.ჩანაწერი № 59311)

000 -LEADER
fixed length control field 00869nam a22001937a 4500
005 - DATE AND TIME OF LATEST TRANSACTION
control field 20230117102017.0
008 - FIXED-LENGTH DATA ELEMENTS--GENERAL INFORMATION
fixed length control field 230117c2022 enk||||| |||| 00| 0 eng d
041 ## - LANGUAGE CODE
Language code of text/sound track or separate title eng
245 ## - TITLE STATEMENT
Title jml :
Remainder of title Journal of Modern Literature /
Statement of responsibility, etc. Editors: Robert L. Caserio, Paula Marantz Cohen, Janet Lyon, Daniel T. O'Hara, Jean-Michel Rabaté and Jennifer Yusin
260 ## - PUBLICATION, DISTRIBUTION, ETC.
Place of publication, distribution, etc. USA,
Date of publication, distribution, etc. 2022.
653 ## - INDEX TERM--UNCONTROLLED
Uncontrolled term თანამედროვე ლიტერატურის ჟურნალი |
653 ## - INDEX TERM--UNCONTROLLED
Uncontrolled term პერიოდიკა
700 ## - ADDED ENTRY--PERSONAL NAME
Personal name Caserio, Robert L
Relator term რედაქტორი
9 (RLIN) 16699
700 ## - ADDED ENTRY--PERSONAL NAME
Personal name Cohen, Paula Marantz
9 (RLIN) 3214
700 ## - ADDED ENTRY--PERSONAL NAME
Personal name Janet Lyon, Daniel T
Relator term რედაქტორი
9 (RLIN) 3215
700 ## - ADDED ENTRY--PERSONAL NAME
Personal name O'Hara, Jean-Michel Rabaté
Relator term რედაქტორი
9 (RLIN) 3216
700 ## - ADDED ENTRY--PERSONAL NAME
Personal name Yusin, Jennifer
Relator term რედაქტორი
9 (RLIN) 3217
942 ## - ADDED ENTRY ELEMENTS (KOHA)
Source of classification or shelving scheme
Koha item type პერიოდიკა
ეგზემპლარები
Withdrawn status Lost status Source of classification or shelving scheme Damaged status Not for loan Permanent Location Current Location Shelving location Date acquired Serial Enumeration / chronology Barcode Date last seen Copy number Price effective from Koha item type
          ბათუმის შოთა რუსთაველის სახელმწიფო უნივერსიტეტის მთავარი ბიბლიოთეკა ბათუმის შოთა რუსთაველის სახელმწიფო უნივერსიტეტის მთავარი ბიბლიოთეკა წიგნსაცავი 2023-01-17 Volume 45, Number (2), (2022) 80974 პერ. 2023-01-17 80974 2023-01-17 პერიოდიკა
          ბათუმის შოთა რუსთაველის სახელმწიფო უნივერსიტეტის მთავარი ბიბლიოთეკა ბათუმის შოთა რუსთაველის სახელმწიფო უნივერსიტეტის მთავარი ბიბლიოთეკა წიგნსაცავი 2023-01-17 Volume 45, Number (3), (2022) 80975 პერ. 2023-01-17 80975 2023-01-17 პერიოდიკა
          ბათუმის შოთა რუსთაველის სახელმწიფო უნივერსიტეტის მთავარი ბიბლიოთეკა ბათუმის შოთა რუსთაველის სახელმწიფო უნივერსიტეტის მთავარი ბიბლიოთეკა წიგნსაცავი 2023-01-17 Volume 45, Number (4), (2022) 80976 პერ. 2023-01-17 80976 2023-01-17 პერიოდიკა